000 00522nam a2200229Ia 4500
003 OSt
005 20220924142511.0
006 a|||||r|||| 00| 0
007 ta
008 ASM
024 _a302238
037 _cTextual
040 _aARTS
_cARTS
_bASM
041 _2ASM
_aASM
082 _aR3xL24, 158M2
100 _aDas
245 0 _aIemanfal kanta teyor jeeban aru dasharn
260 _c1982
650 _aPHILOSOPHY
942 _hR3xL24, 158M2
_cTEXL
_2CC
999 _c450969
_d450969